Farmer fertilization practices of mature rubber plantations in Norteast Thailand during a period of low rubber prices (Record no. 59290)

MARC details
000 -LEADER
fixed length control field 00640nam a2200217Ia 4500
100 ## - MAIN ENTRY--AUTHOR NAME
Personal name Kullawong S
245 #0 - TITLE STATEMENT
Title Farmer fertilization practices of mature rubber plantations in Norteast Thailand during a period of low rubber prices
260 ## - PUBLICATION, DISTRIBUTION, ETC. (IMPRINT)
Name of publisher Forest and Society
Year of publication 2020
300 ## - PHYSICAL DESCRIPTION
Number of Pages 162-180
650 ## - SUBJECT ADDED ENTRY--TOPICAL TERM
Topical Term Fertilizer intensity
650 ## - SUBJECT ADDED ENTRY--TOPICAL TERM
Topical Term Nutrient
650 ## - SUBJECT ADDED ENTRY--TOPICAL TERM
Topical Term Organic fertilizer
650 ## - SUBJECT ADDED ENTRY--TOPICAL TERM
Topical Term Smallholder
650 ## - SUBJECT ADDED ENTRY--TOPICAL TERM
Topical Term Tree cover
700 ## - ADDED ENTRY--PERSONAL NAME
Personal name Aditto S
700 ## - ADDED ENTRY--PERSONAL NAME
Personal name Chambon B
700 ## - ADDED ENTRY--PERSONAL NAME
Personal name Promkhambut A
856 ## - ELECTRONIC LOCATION AND ACCESS
Uniform Resource Identifier Copy (doi.org/10.24259/fs.v4i1.8980)
942 ## - ADDED ENTRY ELEMENTS (KOHA)
Koha item type Journals
Holdings
Withdrawn status Lost status Damaged status Not for loan Home library Current library Shelving location Date acquired Serial Enumeration / chronology Koha item type
      Journals RRII Library RRII Library Agronomy 17/12/2021 Volume 4, Issue 1 Journals